Catálogo

Obras guadalupanas de Lauro López Beltran : (Registro nro. 62442)

Detalles MARC
000 -LEADER
fixed length control field 01330cam a2200325 i 4500
001 - CONTROL NUMBER
control field 62442
003 - CONTROL NUMBER IDENTIFIER
control field Mx-PuUPA
005 - DATE AND TIME OF LATEST TRANSACTION
control field 20260227093721.0
008 - FIXED-LENGTH DATA ELEMENTS--GENERAL INFORMATION
fixed length control field 150421s19801981mx af fr 001 0cspa|d
040 ## - CATALOGING SOURCE
Original cataloging agency Mx-PuUPA
Language of cataloging spa
Transcribing agency Mx-PuUPA
Modifying agency Mx-PuUPA
Description conventions rda
041 0# - LANGUAGE CODE
Language code of text/sound track or separate title spa
043 ## - GEOGRAPHIC AREA CODE
Geographic area code n-mx---
100 1# - MAIN ENTRY--PERSONAL NAME
Personal name López Beltrán, Lauro,
Relator term autor
9 (RLIN) 336
245 10 - TITLE STATEMENT
Title Obras guadalupanas de Lauro López Beltran :
Remainder of title 450 aniversario guadalupano : 1531-1981 /
Statement of responsibility, etc. Lauro López Beltrán
250 ## - EDITION STATEMENT
Edition statement Primera edición
264 #1 - PRODUCTION, PUBLICATION, DISTRIBUTION, MANUFACTURE, AND COPYRIGHT NOTICE
Place of production, publication, distribution, manufacture México, D.F. :
Name of producer, publisher, distributor, manufacturer Editorial Tradición,
Date of production, publication, distribution, manufacture, or copyright notice 1980-1981
300 ## - PHYSICAL DESCRIPTION
Extent 5 volúmenes (paginción varía) :
Other physical details ilustraciones, láminas ;
Dimensions 24 cm
336 ## - CONTENT TYPE
Content type term texto
Fuente rdacontent
Content type code txt
337 ## - MEDIA TYPE
Media type term sin medio
Source rdamedia
Media type code n
338 ## - CARRIER TYPE
Carrier type term volumen
Source rdacarrier
Carrier type code nc
505 0# - FORMATTED CONTENTS NOTE
Miscellaneous information Tomo 1.
Title Homenaje lírico gudalupano -
Miscellaneous information Tomo 2.
Title El autor del relato original guadalupano -
Miscellaneous information Tomo 3.
Title La protohistoria guadalupana -
Miscellaneous information Tomo 4.
Title La primera historia guadalupana impresa -
Miscellaneous information Tomo 5.
Title La historicidad de Juan Diego.
600 04 - SUBJECT ADDED ENTRY--PERSONAL NAME
Personal name Nuestra Señora de Guadalupe
600 04 - SUBJECT ADDED ENTRY--PERSONAL NAME
Personal name Juan Diego,
Title of a work Santo
Chronological subdivision 1474-1542
650 #7 - SUBJECT ADDED ENTRY--TOPICAL TERM
Source of heading or term armarc
Topical term or geographic name entry element Católicos
Form subdivision Biografías
Geographic subdivision México
650 #7 - SUBJECT ADDED ENTRY--TOPICAL TERM
Source of heading or term armarc
Topical term or geographic name entry element Biografías colectivas
942 ## - ADDED ENTRY ELEMENTS (KOHA)
Source of classification or shelving scheme Dewey Decimal Classification
Koha item type Libro
Classification part 230.93
Item part L86
Existencias
Withdrawn status Lost status Source of classification or shelving scheme Damaged status Not for loan Collection code Home library Current library Shelving location Date acquired Source of acquisition Serial Enumeration / chronology Total Checkouts Full call number Barcode Date last seen Price effective from Koha item type Copy number
    Dewey Decimal Classification     General Centro de Estudios Guadalupanos Biblioteca Karol Wojtyla Sala general 21/04/2015 Compra t.3   230.93 L86 1981 93670 03/03/2026 21/04/2015 Libro  
    Dewey Decimal Classification     General Centro de Estudios Guadalupanos Biblioteca Karol Wojtyla Sala general 21/04/2015 Compra t.5   230.93 L86 1981 93671 03/03/2026 21/04/2015 Libro  
    Dewey Decimal Classification     General Centro de Estudios Guadalupanos Biblioteca Karol Wojtyla Sala general 21/04/2015 Compra t.1   230.93 L86 1980 93672 03/03/2026 21/04/2015 Libro  
    Dewey Decimal Classification     General Centro de Estudios Guadalupanos Biblioteca Karol Wojtyla Sala general 21/04/2015 Compra t.4   230.93 L86 1981 93668 03/03/2026 21/04/2015 Libro  
    Dewey Decimal Classification     General Centro de Estudios Guadalupanos Biblioteca Karol Wojtyla Sala general 21/04/2015 Compra t.2   230.93 L86 1981 93669 03/03/2026 21/04/2015 Libro  
    Dewey Decimal Classification     General Centro de Estudios Guadalupanos Centro de Estudios Guadalupanos Sala general 03/12/2013 Compra t.5   230.93 L86 1981 48052 10/03/2026 03/12/2013 Libro Ej.2